| 000 | 00819nam a22002057a 4500 | ||
|---|---|---|---|
| 999 |
_c6754 _d6754 |
||
| 003 | AR-CdUCM | ||
| 008 | 190319b ||||| |||| 00| 0 eng d | ||
| 040 |
_aMUNICIPALIDAD PROVINCIAL DEL CUSCO _cBIBLIOTECA MUNICIPAL DEL CUSCO |
||
| 082 |
_22ed. _a709 / _bP56 |
||
| 100 |
_aPijoán, José _918769 |
||
| 245 |
_aSumma Artis, Historia general del arte : _bEl arte del renacimiento en el norte y centro de Europa / |
||
| 260 |
_aMadrid _bEspasa-Calpe, S.A., _c1957. |
||
| 300 |
_a689 páginas ; _bIlustraciones en color y b/n. _c27 cm. |
||
| 505 | _aIntroito -- El arte flamenco en los siglos XV y XVI -- El retablo del cordero místico -- Juan Van Evck -- Petrus Christus... | ||
| 650 |
_aHistoria del Arte _91647 |
||
| 650 |
_aPintura _93081 |
||
| 650 |
_aArte Flamenco _919011 |
||
| 942 |
_2ddc _cLIBROS |
||
| 945 | _admma | ||